00540nam a2200193Ia 4500008004100000020001800041082000800059100002700067245002400094250000600118260002900124300001600153500002400169650001400193700002500207942000700232952009000239999001700329230524s9999 xx 000 0 und d a9788131718858 bMIE aGary L Miessler942239 0aInorganic Chemistry a1 aNew DelhibPearsonc2014 a"XII,730p;" aQuantity Number: 1 aChemistry aDonald A.Tarr942240 cBK 00104070aTATCLbTATCLcGENd2023-05-24l0o MIEp53963r2023-05-24w2023-05-24yBK c56589d56589